Electronic principles (Record no. 3804)

000 -LEADER
fixed length control field 00418nam a22001937a 4500
001 - CONTROL NUMBER
control field 3804
003 - CONTROL NUMBER IDENTIFIER
control field BD-DhUET
008 - FIXED-LENGTH DATA ELEMENTS--GENERAL INFORMATION
fixed length control field 0
020 ## - INTERNATIONAL STANDARD BOOK NUMBER
International Standard Book Number 007099479X
040 ## - CATALOGING SOURCE
Transcribing agency 0
Modifying agency BD-DhUET
082 ## - DEWEY DECIMAL CLASSIFICATION NUMBER
Classification number 623.81
Item number MAL/1984
100 ## - MAIN ENTRY--PERSONAL NAME
Personal name Malvino, Albert Paul
245 ## - TITLE STATEMENT
Title Electronic principles
250 ## - EDITION STATEMENT
Edition statement 3rd ed.
260 ## - PUBLICATION, DISTRIBUTION, ETC. (IMPRINT)
Place of publication, distribution, etc. New York
Name of publisher, distributor, etc. McGraw-Hill
Date of publication, distribution, etc. 1984
300 ## - PHYSICAL DESCRIPTION
Extent xiv, 754 p.
Other physical details ill.
650 #0 - SUBJECT ADDED ENTRY--TOPICAL TERM
Topical term or geographic name as entry element Electronics
942 ## - ADDED ENTRY ELEMENTS (KOHA)
Koha item type General Book
Holdings
Koha issues (times borrowed) Koha item type Location (home branch) Koha normalized classification for sorting Date acquired Koha date last seen Withdrawn status Copy number Koha date last borrowed Shelving location Koha full call number Price effective from Sublocation or collection (holding branch) Lost status Not for loan Source of classification or shelving scheme Damaged status Piece designation (barcode)
 General BookCentral Library, BUET623_810000000000000_MAL_19842014-11-052014-11-05 1 Circulation section623.81/MAL/19842014-11-05Central Library, BUET    79623
 General BookCentral Library, BUET623_810000000000000_MAL_19842014-11-052014-11-05 2 Circulation section623.81/MAL/19842014-11-05Central Library, BUET    79815
3General BookCentral Library, BUET623_810000000000000_MAL_19842014-11-052022-03-05 32021-09-07Circulation section623.81/MAL/19842014-11-05Central Library, BUET    79813
 General BookCentral Library, BUET623_810000000000000_MAL_19842014-11-052014-11-05 4 Circulation section623.81/MAL/19842014-11-05Central Library, BUET    79814
 General BookCentral Library, BUET623_810000000000000_MAL_19842014-12-012014-12-01 5 Circulation section623.81/MAL/19842014-12-01Central Library, BUET    79624
 General BookCentral Library, BUET623_810000000000000_MAL_19842015-02-122015-02-12 6 Circulation section623.81/MAL/19842015-02-12Central Library, BUET    69392
 Reading ItemCentral Library, BUET623_810000000000000_MAL_19842015-06-282015-06-28 7 Reading section623.81/MAL/19842015-06-28Central Library, BUET    76926
 Reading ItemCentral Library, BUET623_810000000000000_MAL_19842015-07-012015-07-01 8 Reading section623.81/MAL/19842015-07-01Central Library, BUET    64232
 Reading ItemCentral Library, BUET623_810000000000000_MAL_19842015-07-012015-07-01 9 Reading section623.81/MAL/19842015-07-01Central Library, BUET    64233